000 00627nam a2200241 i 4500
001 C2-0226203
003 PPAK
005 20180728154056.0
008 000619s1993 nyu |||| ||||| | eng d
020 _a0886775493
040 _aPPAK
_beng
_cPPAK
_erda
082 0 4 _a823
_223
090 0 0 _a823
_bREI
_dG
100 1 _aReichert, Mickey Zucker,
_eauthor
245 1 0 _aChild of thunder
264 1 _aNew York :
_bDaw Books, Inc. ,
_c1993
300 _a588 pages ;
_c18 cm
336 _2rdacontent
_atext
337 _2rdamedia
_aunmediated
338 _2rdacarrier
_avolume
650 1 0 _aEnglish fiction
942 _ddc
_cB
999 _c146620
_d146620